<?xml version="1.0" encoding="UTF-8"?>
<collection xmlns="http://www.loc.gov/MARC21/slim">
 <record>
  <leader>00870pamaa2200217   4500</leader>
  <controlfield tag="001">0000012847</controlfield>
  <controlfield tag="005">20150325090000.0</controlfield>
  <controlfield tag="008">110421                             eng  </controlfield>
  <datafield tag="020" ind1="0" ind2="0">
   <subfield code="a">9789834429355 </subfield>
  </datafield>
  <datafield tag="090" ind1="0" ind2="0">
   <subfield code="a">LC94.M4 </subfield>
   <subfield code="b">CET 2009</subfield>
  </datafield>
  <datafield tag="245" ind1="1" ind2="0">
   <subfield code="a">Cetusan minda Arshad Ayub = </subfield>
   <subfield code="l">The thoughts and reflection of Arshad Ayub  </subfield>
   <subfield code="c">edited by Khadijah Md. Khalid, Shakila Yacob.</subfield>
  </datafield>
  <datafield tag="248" ind1="1" ind2="4">
   <subfield code="b">The thoughts and reflection of Arshad Ayub</subfield>
  </datafield>
  <datafield tag="260" ind1="0" ind2="0">
   <subfield code="a">Kuala Lumpur: </subfield>
   <subfield code="b">Institut Antarabangsa Polisi Awam dan Pengurusan, Universiti Malaya, </subfield>
   <subfield code="c">2009.</subfield>
  </datafield>
  <datafield tag="300" ind1=" " ind2=" ">
   <subfield code="a">xx, 180 p.: </subfield>
   <subfield code="b">col. ill.; </subfield>
   <subfield code="c">26 cm.</subfield>
  </datafield>
  <datafield tag="600" ind1="0" ind2="0">
   <subfield code="a">Arshad Ayub, </subfield>
   <subfield code="c">1928-, </subfield>
   <subfield code="d">Tan Sri</subfield>
  </datafield>
  <datafield tag="650" ind1="0" ind2="0">
   <subfield code="a">Education and state -- </subfield>
   <subfield code="z">Malaysia </subfield>
  </datafield>
  <datafield tag="650" ind1="0" ind2="0">
   <subfield code="a">Leadership -- </subfield>
   <subfield code="z">Malaysia </subfield>
  </datafield>
  <datafield tag="650" ind1="0" ind2="0">
   <subfield code="a">Public administration -- </subfield>
   <subfield code="z">Malaysia </subfield>
  </datafield>
  <datafield tag="650" ind1="0" ind2="0">
   <subfield code="a">Malaysia -- </subfield>
   <subfield code="x">Politics and government </subfield>
  </datafield>
  <datafield tag="700" ind1="1" ind2="1">
   <subfield code="a">SHAKILA YACOB </subfield>
  </datafield>
  <datafield tag="700" ind1="1" ind2="1">
   <subfield code="a">Khadijah Md. Khalid </subfield>
  </datafield>
 </record>
</collection>
